13 highest mountains in Czechia - Statistics

General Stats
  • This quiz has been taken 93 times
  • The average score is 6 of 13
Answer Stats
Hint Answer % Correct
1 603m Snezka
99%
1 491m Praded
87%
1 324m Lysa hora
70%
1 277m Smrk
61%
1 378m Plechy
57%
1 244m Klinovec
55%
1 423m Kralicky Sneznik
49%
1 012m Jested
46%
837m Milesovka
30%
1 116m Velka Destna
29%
1 042m Cerchov
26%
970m Velka Javorina
17%
1 257m Knehyne
9%
No matching quizzes found
Score Distribution
Percent of People with Each Score
Percentile by Number Answered
Your Score History
You have not taken this quiz